| 000 | 00788nam a2200265Ia 4500 | ||
|---|---|---|---|
| 003 | OSt | ||
| 005 | 20221007104346.0 | ||
| 006 | a|||||r|||| 00| 0 | ||
| 007 | ta | ||
| 008 | 221006b |||||||| |||| 00| 0 eng d | ||
| 020 | _a019569256X | ||
| 024 | _a15,616 | ||
| 037 | _cTextual | ||
| 040 |
_aLCO _cLCO _beng |
||
| 041 |
_2eng _aeng |
||
| 082 | _aX577:545.1:(Z), P7 | ||
| 100 | _aHoda Anwarul | ||
| 245 | 0 | _aWTO Negotiations on Agriculture and Developing Countries | |
| 260 |
_aNew _bDelhi Oxford University Press India _c2008 |
||
| 300 | _a294 | ||
| 650 |
_aWTO NEGOTIATIONS ON AGRICULTURE AND DEVELOPING COUNTRIES _9706010 |
||
| 700 | _a Gulati Ashok | ||
| 942 |
_hX577:545.1:(Z), P7 _cTEXL |
||
| 999 |
_c1185179 _d1185179 |
||